Statistics for De bedste 10 fodboldspillere 21/22 efter min mening

Click here to take the quiz!

General Stats

  • This quiz has been taken 52 times
  • The average score is 7 of 10

Answer Stats

HintAnswer% Correct
Man UTDRonaldo
89%
PSGMbappe
87%
DortmundHaaland
83%
LiverpoolSalah
80%
TottenhamSon
67%
Man CityDe Bruyne
61%
Bayern MünchenLewandowski
61%
Real MadridBenzema
57%
Bayern MünchenKimmich
41%
ChelseaKante
39%

Score Distribution

Percentile by Number Answered

Percent of People with Each Score

Your Score History

You have not taken this quiz